Ken Carson Song Titles 2025 - Statistics

General Stats
  • This quiz has been taken 453 times
  • The average score is 4 of 8
Answers on the Grid
Answers color-coded by a green-red scale on the quiz's grid according to % correct below.
ss
Creator of Chaos
Fold
Gold Medal
L!V3
Hallucinate
Me N My Kup
High as Sh!t
Sub-Zero
XTENDED
Freestyle 4
Murda Musik
Clover
5000
overseas
Candidate
Green Room
 
Answer Stats
Answer % Correct
ss
93%
Me N My Kup
77%
overseas
65%
Green Room
59%
Murda Musik
53%
High as Sh!t
34%
Fold
33%
Gold Medal
21%
No matching quizzes found
Score Distribution
Percent of People with Each Score
Percentile by Number Answered
Your Score History
You have not taken this quiz